000 01329cam a2200349 a 4500
003 CHAP
005 20220329142125.0
008 990824d1998 es r 00010 spa d
010 _a78812
011 _a79784
020 _a8471147297
035 _a90189
040 _cCHAP
082 0 4 _a333.913
_bC3
100 0 0 _aCaballer Mellado, Vicente.
_916535
245 1 0 _aValoración económica del agua de riego
_c/por Vicente Caballer y Natividad Guadalajara
260 _aMadrid :
_bMundi-Prensa,
_c1998.
300 _a193 p. :
_bgráfs.
590 _aBATCH-UPD
_b10
_c20130110
_lUCH01
_h0259
590 _aBATCH-UPD
_b10
_c20130110
_lUCH01
_h1656
590 _aBATCH-UPD
_b10
_c20130409
_lUCH01
_h2330
590 _aCONVERSION
_b10
_c20130109
_lUCH01
_h1344
650 1 4 _aAgua para irrigacion.
_92430
650 1 4 _aAgua
_xAbastecimiento
_xCostos.
_92238
700 0 _aGuadalajara, Natividad.
_950929
901 _aBK
942 _cLIBRO
949 _a333.913 C3
_bBC
_cLIBRO
_d33724000736476
_eLIBRO
_gI. 198990
_h96177
_i90189
_si
_t$251.00
949 _a333.913 C3
_bBC
_cLIBRO
_d33724000950812
_eLIBRO
_fc.2
_gI. c/e
_h105805
_i90189
_sb
_t$388.00
949 _a333.913 C3
_bBC
_cLIBRO
_d33724000950879
_eLIBRO
_fc.3
_gI. c/e
_h105806
_i90189
_si
_t$388.00
949 _a333.913 C3
_bBC
_cLIBRO
_d33724000950937
_eLIBRO
_fc.4
_gI. c/e
_h105807
_i90189
_si
_t$388.00
999 _c78812
_d78812